| 000 | 01253nam a2200229Ia 4500 | ||
|---|---|---|---|
| 001 | L301-23251 | ||
| 003 | IT-CnALBA | ||
| 008 | 170116s9999||||xx |||||||||||||| ||und|| | ||
| 040 |
_aIT-CnALBA _cIT-CnALBA |
||
| 041 | _aITALIANO | ||
| 100 | _aTONIOLO GIUSEPPE, PROF. | ||
| 245 | 0 | _aSCUOLA SOCIALE CATTOLICA IN BERGAMO. CORSO BIENNALE. APPUNTI DEL PRIMO ANNO. | |
| 250 | _a1a ed. | ||
| 260 |
_a BERGAMO _bS. ALESSANDRO SESA , SOC. ED. _c1910 [1° Ed.:1910 - Ed.Ling.Originale: 1910] |
||
| 300 | _a327 p. | ||
| 500 | _aPRINCIPI CRISTIANI D'ORDINAMENTO ECONOMICO. LA SCUOLA NELLA LEGISLAZIONE ITALIANA. LEGISLAZIONE OPERAIA. NORME PER LA COSTITUZIONE DELLE SOCIETÀ COOPERATIVE. DIRITTO COMMERCIALE. DISGREGAMENTO ECONOMICO. ORDINAMENTO ECONOMICO CRISTIANO. PROPRIETÀ PRIVATA. | ||
| 501 | _aSocietà San Paolo EM - Piazza San Paolo, 14 - 12051 ALBA (CN) (non commercial uses only) ® Copyright 2017 | ||
| 520 | _aPRINCIPI CRISTIANI D'ORDINAMENTO ECONOMICO. LA SCUOLA NELLA LEGISLAZIONE ITALIANA. LEGISLAZIONE OPERAIA. NORME PER LA COSTITUZIONE DELLE SOCIETÀ COOPERATIVE. DIRITTO COMMERCIALE. DISGREGAMENTO ECONOMICO. ORDINAMENTO ECONOMICO CRISTIANO. PROPRIETÀ PRIVATA. | ||
| 650 | _aSCIENZE SOCIALI | ||
| 942 | _cBK | ||
| 957 | _71 | ||
| 999 |
_a27992 _bSI _g Copie: 1 _c282351 _d282351 |
||